Operating BEMS (Record no. 115097)
[ view plain ]
| 000 -LEADER | |
|---|---|
| fixed length control field | 01205cam a22002295a 4500 |
| 001 - CONTROL NUMBER | |
| control field | L158042 |
| 008 - FIXED-LENGTH DATA ELEMENTS--GENERAL INFORMATION | |
| fixed length control field | 130613s2014 xxk f 000 0 eng d |
| 020 ## - INTERNATIONAL STANDARD BOOK NUMBER | |
| International Standard Book Number | 9781848063600 |
| 035 ## - SYSTEM CONTROL NUMBER | |
| System control number | (Sirsi) u158042 |
| 041 0# - LANGUAGE CODE | |
| Language code of text/sound track or separate title | eng |
| 100 1# - MAIN ENTRY--PERSONAL NAME | |
| Personal name | Lewry, A. |
| 245 00 - TITLE STATEMENT | |
| Title | Operating BEMS |
| Remainder of title | A practical guide to building energy management systems |
| 260 ## - PUBLICATION, DISTRIBUTION, ETC. | |
| Place of publication, distribution, etc. | Watford |
| Name of publisher, distributor, etc. | BRE |
| Date of publication, distribution, etc. | 2014 |
| 300 ## - PHYSICAL DESCRIPTION | |
| Extent | 16p. |
| Other physical details | ill. |
| Dimensions | 30cm. |
| 490 #0 - SERIES STATEMENT | |
| Series statement | BRE Information Paper |
| Volume/sequential designation | (2/14) |
| 520 ## - SUMMARY, ETC. | |
| Summary, etc. | Building energy management systems (BEMS) are often an integral part of a larger building management system (BMS), their purpose being to optimise the energy use of the building. These systems are commonplace in larger buildings and are rapidly becoming standard. This has also been recognised by the industry, culminating in the publication of BS EN 15232:2012 (Energy performance of buildings - Impact of building automation, controls and building management). There is a need to provide practical advice to building users on how to operate these systems effectively and thereby realise potential energy savings. |
| 521 ## - TARGET AUDIENCE NOTE | |
| Target audience note | Advanced |
| 650 24 - SUBJECT ADDED ENTRY--TOPICAL TERM | |
| Topical term or geographic name entry element | ENERGY USE |
| 651 #4 - SUBJECT ADDED ENTRY--GEOGRAPHIC NAME | |
| Geographic name | ENGLAND AND WALES |
| 690 ## - LOCAL SUBJECT ADDED ENTRY--TOPICAL TERM (OCLC, RLIN) | |
| Topical term or geographic name as entry element | Energy |
| 9 (RLIN) | 6237 |
| 942 ## - ADDED ENTRY ELEMENTS (KOHA) | |
| Suppress in OPAC | 0 |
| Withdrawn status | Lost status | Source of classification or shelving scheme | Damaged status | Not for loan | Home library | Current library | Shelving location | Date acquired | Total Checkouts | Full call number | Barcode | Date last seen | Copy number | Price effective from | Koha item type |
|---|---|---|---|---|---|---|---|---|---|---|---|---|---|---|---|
| Dewey Decimal Classification | London | London | BRE publications | 19/02/2014 | BRE | 30075108 | 06/08/2019 | 1 | 06/08/2019 | Book |